000 00638nam a2200241Ia 4500
003 OSt
005 20221007100222.0
006 a|||||r|||| 00| 0
007 ta
008 221006b |||||||| |||| 00| 0 eng d
024 _a4,012
037 _cTextual
040 _aLCO
_cLCO
_beng
041 _2eng
_aeng
082 _aV2:2ObZ,g, L7
100 _aDESHPANDE V S
_9117254
245 0 _aJudicial review of legislation
260 _aLucknow
_bEastern book company
_c1977
300 _a311
650 _aJUDICIAL REVIEW.
_9439791
942 _hV2:2ObZ,g, L7
_cTEXL
999 _c1173575
_d1173575